000 00508cam a2200193ua 4500
020 _c12.60
041 _aeng
_h
082 _a658.01
_bHYN/ MA
100 _aHynes, Warren W .
245 _aManagement, analysis, concepts and cases /
_cWarren W Hynes.
_hTextual Documents
250 _a1 /
_b.
260 _aNew Delhi :
_bPrentice Hall of India Pvt Ltd. ,
_c1964.
300 _a526 ; .
365 _a12.60
504 _a
700 1 _aMassie , Joseph L .
942 _cBK
999 _c2199
_d2199